000 00627nam a22001937a 4500
999 _c8436
_d8436
008 201124b ||||| |||| 00| 0 eng d
040 _aBMS College of Architecture
100 _aLobo, Jane Charlene
245 _aHome- a residential educational and social center for children Bangalore
300 _a63p.
500 _a1BM14AAT026
502 _8B,Arch
_NBMS College of Architecture, Visvesvaraya technological University
_aProject report
_d2018
650 _aResidential educational
650 _aSocial center
650 _aChildren
700 _aAnand H M
_eGuide
700 _aKoshy P Koshy
_eGuide
942 _2ddc
_cTHE